| 000 | 00458nam a22001577a 4500 | ||
|---|---|---|---|
| 999 |
_c9311 _d9311 |
||
| 008 | 210403b ||||| |||| 00| 0 eng d | ||
| 040 | _aBMS College of Architecture | ||
| 100 | _aC, S, Sapna | ||
| 245 | _aTransit hub Bangalore | ||
| 300 | _aNA | ||
| 500 | _a1BM99AT030 | ||
| 502 |
_8B.Arch _NBMS College of Architecture, Visvesvaraya Technological University _aProject report _d2003 |
||
| 650 | _aHub | ||
| 700 |
_aChanadrashekar _eGuide |
||
| 942 |
_2ddc _cTHE |
||